Engineering chemistry / (Record no. 4065)
[ view plain ]
| 000 -LEADER | |
|---|---|
| fixed length control field | 00549aac a22001571u 4500 |
| 090 ## - LOCALLY ASSIGNED LC-TYPE CALL NUMBER (OCLC); LOCAL CALL NUMBER (OCLC) | |
| -- | 4065 |
| 008 - FIXED-LENGTH DATA ELEMENTS--GENERAL INFORMATION | |
| fixed length control field | 081111t xxu||||| |||| 00| 0 eng d |
| 010 ## - LIBRARY OF CONGRESS CONTROL NUMBER | |
| LC control number | 2007002840 |
| 020 ## - INTERNATIONAL STANDARD BOOK NUMBER | |
| International Standard Book Number | 9775180082 (hardcover : alk. paper) |
| 082 00 - DEWEY DECIMAL CLASSIFICATION NUMBER | |
| Classification number | 660 |
| Item number | AME |
| 245 10 - TITLE STATEMENT | |
| Title | Engineering chemistry / |
| Statement of responsibility, etc | Mohamed Amer. |
| 260 ## - PUBLICATION, DISTRIBUTION, ETC. (IMPRINT) | |
| Place of publication, distribution, etc | [ ? ? ] |
| Name of publisher, distributor, etc | Arab Academy for science & tachnology & Maritime Transport,2007 |
| Date of publication, distribution, etc | c[?]. |
| 300 ## - PHYSICAL DESCRIPTION | |
| Extent | 371p: |
| Other physical details | ill; |
| Dimensions | 25cm. |
| 856 41 - ELECTRONIC LOCATION AND ACCESS | |
| Materials specified | Table of contents only |
| Uniform Resource Identifier | <a href="http://www.loc.gov/catdir/toc/ecip0710/2007002840.html">http://www.loc.gov/catdir/toc/ecip0710/2007002840.html</a> |
| 942 ## - ADDED ENTRY ELEMENTS (KOHA) | |
| Item type | Book - Borrowing |
| Call number prefix | 660AME |
| Source of classification or shelving scheme | Dewey Decimal Classification |
| Withdrawn status | Item status | Damaged status | Not for loan | Home library | Current library | Shelving location | Date acquired | Source of acquisition | Total Checkouts | Full call number | Barcode | Date last seen | Koha item type |
|---|---|---|---|---|---|---|---|---|---|---|---|---|---|
| Central Library | Central Library | First floor | 19/08/2007 | Purchase | 660 AME | 000000082 | 15/07/2025 | Book - Borrowing |